| 000 | 00786nam a22002297a 4500 | ||
|---|---|---|---|
| 999 |
_c13727 _d13727 |
||
| 003 | AR-CdUCM | ||
| 008 | 190416b ||||| |||| 00| 0 spa d | ||
| 020 | _a978-607-404-452-2 | ||
| 040 |
_aMUNICIPALIDAD PROVINCIAL DEL CUSCO _cBIBLIOTECA MUNICIPAL DEL CUSCO |
||
| 082 |
_aEP / 808 / _bP26 |
||
| 100 |
_aParker, Vic _930410 |
||
| 245 | _aHistorias clásicas de fantasmas / | ||
| 260 |
_aMéxico : _bSilver Dolphin, _c2014. |
||
| 300 |
_a512 páginas ; _c22 cm. |
||
| 505 | _aContenido :Desde la tumba -- Encantados -- Criaturas malditas -- Los condenados y los muertos ... | ||
| 650 |
_aHistorietas _910786 |
||
| 650 |
_aCuentos _9217 |
||
| 650 |
_aCiencia ficción _91624 |
||
| 700 |
_aCaballero, Samanta (traducción) _932241 |
||
| 942 |
_2ddc _cLIBROS |
||
| 945 |
_arum _d2019-04-16 |
||